USA - Politik und Ökonomie Handbuch
Guardado en:
| Formato: | Libro |
|---|---|
| Lenguaje: | alemán |
| Publicado: |
Berlin
Dietz
1988
|
| Edición: | 1. Aufl. |
| Etiquetas: |
Sin Etiquetas, Sea el primero en etiquetar este registro!
|
MARC
| LEADER | 00000nam a2200000 4500 | ||
|---|---|---|---|
| 001 | c030265 | ||
| 005 | 20221219111357.7 | ||
| 041 | 0 | |a ger | |
| 044 | |a DE | ||
| 245 | 1 | 0 | |a USA - Politik und Ökonomie |b Handbuch |
| 250 | |a 1. Aufl. | ||
| 264 | 1 | |a Berlin |b Dietz |c 1988 | |
| 300 | |a 351 s. | ||